000 01136nam a2200373 a 4500
001 000108313
003 CHAP
005 20220329144007.0
008 140127s2013 it a |r| ||||||spa d
010 _a104775
011 _a105747
020 _a9789253070893
040 _cCHAP
082 0 4 _a634.9
_bF3 v.167
245 1 3 _aLa fauna silvestre en un clima cambiante /
_ceditado por Edgar Kaeslin, Ian Redmond y Nigel Dudley.
260 _aRoma :
_bFAO,
_c2013.
300 _avii, 114 p. :
_bil.
490 1 _aFAO. Montes
_v; 167
504 _aIncluye bibligrafĂ­a
590 _aE11695DGD
_b10
_c20140128
_lUCH01
_h0813
590 _aE5995AHE
_b05
_c20140127
_lUCH01
_h1057
590 _aE5995AHE
_b05
_c20140127
_lUCH01
_h1059
590 _aE5995AHE
_b05
_c20140127
_lUCH01
_h1235
650 1 4 _aBiodiversidad.
_912724
650 1 4 _aCambio climático
_xBosques.
_917782
650 1 4 _aVida silvestre.
_9119155
700 0 _aDudley, Nigel
_e, ed.
_934388
700 1 _aKaeslin, Edgar
_e, ed.
_962579
700 1 _aRedmond, Ian
_e, ed.
_995394
830 0 _aFAO. Montes
_v; 167
_939632
901 _aBK
942 _cLIBRO
942 _n0
999 _c104775
_d104775